PROBLÉMY OCHRANY LESA V ROKU 2007 A PROGNÓZA NA ROK 2008

Bibliographic Details
Main Authors: Kunca, Andrej, 1973- (Author), Gubka, Andrej (Author), Brutovský, Dušan, 1943- (Author), Nikolov, Christo (Author), Vakula, Jozef (Author), Novotný, Július, 1954- (Author), Varínsky, Juraj (Author), Zúbrik, Milan, 1966- (Author), Leontovyč, Roman, 1930-1994 (Author), Finďo, Slavomír (Author), Longauerová, Valéria (Author), Konôpka, Jozef, 1940- (Author)
Format: Article
Language:Slovak
ISBN:9788080930400

MARC

LEADER 00000naa a2200000uu 4500
001 vtls011058633
003 SK-MaSNL
005 20260430045350.0
008 210910|2008 xo |||||||||||||||||slo|
015 |a SNBRA 
035 |a (urnnbn)urn:nbn:sk:snk:ar-a0c0ri 
035 |a (uuid)bb1599ac-03a1-4979-917b-14b83bee1422 
035 |a urn:nbn:sk:snk-aav7ca 
040 |a SNKBUCL  |b slo  |c SNKBUCL  |e AACR2 
041 0 |a slo 
044 |a xo  |c SK 
100 1 |a Kunca, Andrej,  |d 1973-  |4 aut  |9 192293 
245 1 0 |a PROBLÉMY OCHRANY LESA V ROKU 2007 A PROGNÓZA NA ROK 2008  |c Andrej Kunca, Andrej Gubka, Dušan Brutovský, Christo Nikolov, Jozef Konôpka, Jozef Vakula, Július Novotný, Juraj Varínsky, Milan Zúbrik, Roman Leontovyč, Slavomír Finďo, Valéria Longauerová 
700 1 |a Gubka, Andrej  |4 aut  |9 245192 
700 1 |a Brutovský, Dušan,  |d 1943-  |4 aut  |9 105652 
700 1 |a Nikolov, Christo  |4 aut  |9 337438 
700 1 |a Vakula, Jozef  |4 aut  |9 332253 
700 1 |a Novotný, Július,  |d 1954-  |4 aut  |9 89186 
700 1 |a Varínsky, Juraj  |4 aut  |9 7686 
700 1 |a Zúbrik, Milan,  |d 1966-  |4 aut  |9 117050 
700 1 |a Leontovyč, Roman,  |d 1930-1994  |4 aut  |9 27055 
700 1 |a Finďo, Slavomír  |4 aut  |9 207023 
700 1 |a Longauerová, Valéria  |4 aut  |9 317425 
700 1 |a Konôpka, Jozef,  |d 1940-  |4 aut  |9 89185 
773 0 |t Aktuálne problémy v ochrane lesa 2008  |d Vo Zvolene : Národné lesnícke centrum, 2008  |g S. 5-18  |z 9788080930400 
958 |a OND 
958 |a article12 
958 |a chapter 
999 |c 1337642  |d 1339572